TV Debuts: 2005 Quiz Stats

 Plays Quiz Updated Dec 15, 2018

Support Sporcle.
Go Orange.
Score 0/20 Timer 04:00
6 Plays Today
% Correct
The Office (U.S.)
96%
How I Met Your Mother
92.1%
Grey's Anatomy
87.3%
American Dad
82.7%
My Name Is Earl
80%
Prison Break
78.6%
Bones
75.1%
Dancing With the Stars
74.6%
Deal or No Deal
73.3%
The Colbert Report
72.8%
% Correct
Avatar: The Last Airbender
63.2%
Cash Cab
60.9%
Weeds
50.5%
Criminal Minds
43.9%
Supernatural
41.2%
Robot Chicken
38.1%
Rome
30.9%
Britney and Kevin: Chaotic
17.9%
Commander-in-Chief
10.3%
Wonder Showzen
3%

You're not logged in!

Compare scores with friends on all Sporcle quizzes.
OR
Log In
Forgot?

From the Vault

One Representative States

by Derek

Geography 60s
Just for perspective, California has over 50 representatives in the House.
Remove Ads.
Support Sporcle.
Get the best of Sporcle when you Go Orange. This ad-free experience offers more features, more stats, and more fun while also helping to support Sporcle. Thank you for becoming a member.

Show Comments

Extras

Top Quizzes Today


Score Distribution

Your Account Isn't Verified!

In order to create a playlist on Sporcle, you need to verify the email address you used during registration. Go to your Sporcle Settings to finish the process.

Report this User

Report this user for behavior that violates our Community Guidelines.

Details: